Normal view
MARC view
Entry Personal Name
001 - CONTROL NUMBER
- control field: 71710
003 - CONTROL NUMBER IDENTIFIER
- control field: dpl
005 - DATE AND TIME OF LATEST TRANSACTION
- control field: 20240913165145.0
008 - FIXED-LENGTH DATA ELEMENTS
- fixed length control field: 240913|| aca||aabn | a|a d
040 ## - CATALOGING SOURCE
- Original cataloging agency: dpl
- Transcribing agency: dpl
100 ## - HEADING--PERSONAL NAME
- Personal name: बसु समरेश
670 ## - SOURCE DATA FOUND
- Source citation: Work cat.: (dpl)205811: बसु समरेश, पृथा/समरेश बसु , 2020
